<?xml version="1.0" encoding="UTF-8"?>
<record
    xmlns:xsi="http://www.w3.org/2001/XMLSchema-instance"
    xsi:schemaLocation="http://www.loc.gov/MARC21/slim http://www.loc.gov/standards/marcxml/schema/MARC21slim.xsd"
    xmlns="http://www.loc.gov/MARC21/slim">

  <leader>00875nam a22001577a 4500</leader>
  <controlfield tag="003">OSt</controlfield>
  <controlfield tag="005">20160225160320.0</controlfield>
  <controlfield tag="008">160225b        xxu||||| |||| 00| 0 eng d</controlfield>
  <datafield tag="040" ind1=" " ind2=" ">
    <subfield code="c">RUA</subfield>
  </datafield>
  <datafield tag="082" ind1=" " ind2=" ">
    <subfield code="a">VEM SIE 2014 B434 Or.1</subfield>
  </datafield>
  <datafield tag="100" ind1=" " ind2=" ">
    <subfield code="9">7500</subfield>
    <subfield code="a">SIEN BUNTHORN; &#x179F;&#x17C0;&#x1784; &#x1794;&#x17CA;&#x17BB;&#x1793;&#x1790;&#x1793;</subfield>
  </datafield>
  <datafield tag="245" ind1=" " ind2=" ">
    <subfield code="a">Study on reprodctive inflamatory disease and effect of drugs at golden pig farm teuk phos district, kampong chhnang province; &#x1780;&#x17B6;&#x179A;&#x179F;&#x17B7;&#x1780;&#x17D2;&#x179F;&#x17B6;&#x17A2;&#x17C6;&#x1796;&#x17B8;&#x1787;&#x17C6;&#x1784;&#x17BA;&#x179A;&#x179B;&#x17B6;&#x1780;&#x1795;&#x17D2;&#x179B;&#x17BC;&#x179C;&#x1794;&#x1793;&#x17D2;&#x178F;&#x1796;&#x17BC;&#x1787;&#x1798;&#x17C1;&#x1787;&#x17D2;&#x179A;&#x17BC;&#x1780;&#x1780;&#x17D2;&#x179A;&#x17C4;&#x1799;&#x179F;&#x1798;&#x17D2;&#x179A;&#x17B6;&#x179B; &#x1793;&#x17B7;&#x1784;&#x1794;&#x17D2;&#x179A;&#x179F;&#x17B7;&#x1791;&#x17D2;&#x1792;&#x1797;&#x17B6;&#x1796;&#x17B1;&#x179F;&#x1790;&#x1793;&#x17C5;&#x1780;&#x179F;&#x17B7;&#x178A;&#x17D2;&#x178B;&#x17B6;&#x1793;&#x1787;&#x17D2;&#x179A;&#x17BC;&#x1780;&#x1798;&#x17B6;&#x179F; &#x1780;&#x17D2;&#x1793;&#x17BB;&#x1784;&#x179F;&#x17D2;&#x179A;&#x17BB;&#x1780;&#x1791;&#x17B9;&#x1780;&#x1795;&#x17BB;&#x179F; &#x1781;&#x17C1;&#x178F;&#x17D2;&#x178F;&#x1780;&#x17C6;&#x1796;&#x1784;&#x17CB;&#x1786;&#x17D2;&#x1793;&#x17B6;&#x17C6;&#x1784;</subfield>
  </datafield>
  <datafield tag="260" ind1=" " ind2=" ">
    <subfield code="a">Phnom Penh</subfield>
    <subfield code="b">RUA</subfield>
    <subfield code="c">2014</subfield>
  </datafield>
  <datafield tag="300" ind1=" " ind2=" ">
    <subfield code="a">x;37p.</subfield>
    <subfield code="b">ill.</subfield>
    <subfield code="c">29cm.</subfield>
  </datafield>
  <datafield tag="942" ind1=" " ind2=" ">
    <subfield code="2">ddc</subfield>
    <subfield code="c">VEM</subfield>
  </datafield>
  <datafield tag="999" ind1=" " ind2=" ">
    <subfield code="c">7089</subfield>
    <subfield code="d">7089</subfield>
  </datafield>
</record>
